<?xml version="1.0" encoding="UTF-8"?>
<record
    xmlns:xsi="http://www.w3.org/2001/XMLSchema-instance"
    xsi:schemaLocation="http://www.loc.gov/MARC21/slim http://www.loc.gov/standards/marcxml/schema/MARC21slim.xsd"
    xmlns="http://www.loc.gov/MARC21/slim">

  <leader>00995nam a22002537a 4500</leader>
  <controlfield tag="005">20170123164200.0</controlfield>
  <datafield tag="010" ind1=" " ind2=" ">
    <subfield code="a">B-125100</subfield>
  </datafield>
  <datafield tag="020" ind1=" " ind2=" ">
    <subfield code="c">180.00</subfield>
    <subfield code="a">9788172053161</subfield>
  </datafield>
  <datafield tag="035" ind1=" " ind2=" ">
    <subfield code="a">B-125100</subfield>
  </datafield>
  <datafield tag="037" ind1=" " ind2=" ">
    <subfield code="b">Cen Lib/Ret</subfield>
  </datafield>
  <datafield tag="040" ind1=" " ind2=" ">
    <subfield code="a">DPL</subfield>
    <subfield code="b">PN</subfield>
  </datafield>
  <datafield tag="082" ind1=" " ind2=" ">
    <subfield code="a">158.1</subfield>
    <subfield code="2">&#xA2A;&#xA42;&#xA30;&#xA3E;&#xA28;</subfield>
  </datafield>
  <datafield tag="100" ind1=" " ind2=" ">
    <subfield code="a">&#xA2A;&#xA42;&#xA30;&#xA3E;&#xA28; &#xA38;&#xA3F;&#xA70;&#xA18; </subfield>
    <subfield code="9">141009</subfield>
  </datafield>
  <datafield tag="245" ind1=" " ind2=" ">
    <subfield code="a">&#xA2A;&#xA4D;&#xA38;&#xA70;&#xA28;&#xA24;&#xA3E; &#xA26;&#xA40; &#xA21;&#xA3E;&#xA32; &#xA35;&#xA3F;&#xA71;&#xA1A; /</subfield>
    <subfield code="c">&#xA2A;&#xA42;&#xA30;&#xA3E;&#xA28; &#xA38;&#xA3F;&#xA70;&#xA18; </subfield>
  </datafield>
  <datafield tag="246" ind1=" " ind2=" ">
    <subfield code="a">Plasanta di bhaal vich : in searh of happiness /</subfield>
    <subfield code="b">by Pruan Singh </subfield>
  </datafield>
  <datafield tag="260" ind1=" " ind2=" ">
    <subfield code="b">&#xA38;&#xA3F;&#xA70;&#xA18; &#xA2C;&#xA4D;&#xA30;&#xA26;&#xA30;&#xA1C;&#xA3C;  </subfield>
    <subfield code="c">2004</subfield>
    <subfield code="a">&#xA05;&#xA70;&#xA2E;&#xA4D;&#xA30;&#xA3F;&#xA24;&#xA38;&#xA30; </subfield>
  </datafield>
  <datafield tag="270" ind1=" " ind2=" ">
    <subfield code="a">S.C.O. 223-24, &#xA38;&#xA3F;&#xA1F;&#xA40; &#xA38;&#xA48;&#xA02;&#xA1F;&#xA30;</subfield>
    <subfield code="b">&#xA05;&#xA70;&#xA2E;&#xA4D;&#xA30;&#xA3F;&#xA24;&#xA38;&#xA30; </subfield>
    <subfield code="e">143006</subfield>
  </datafield>
  <datafield tag="300" ind1=" " ind2=" ">
    <subfield code="a">183p</subfield>
    <subfield code="c">24cm</subfield>
  </datafield>
  <datafield tag="650" ind1=" " ind2=" ">
    <subfield code="a">&#xA2E;&#xA28;&#xA4B;&#xA35;&#xA3F;&#xA17;&#xA3F;&#xA06;&#xA28;</subfield>
    <subfield code="v"> </subfield>
    <subfield code="9">141010</subfield>
  </datafield>
  <datafield tag="650" ind1=" " ind2=" ">
    <subfield code="a"> &#xA38;&#xA3C;&#xA16;&#xA3C;&#xA38;&#xA40;&#xA05;&#xA24; &#xA26;&#xA47; &#xA35;&#xA3F;&#xA15;&#xA3E;&#xA38;</subfield>
    <subfield code="9">5868</subfield>
  </datafield>
  <datafield tag="650" ind1=" " ind2=" ">
    <subfield code="a">Psychology </subfield>
    <subfield code="9">141011</subfield>
  </datafield>
  <datafield tag="650" ind1=" " ind2=" ">
    <subfield code="a">Personality development </subfield>
    <subfield code="9">24960</subfield>
  </datafield>
  <datafield tag="942" ind1=" " ind2=" ">
    <subfield code="2">ddc</subfield>
    <subfield code="c">PN</subfield>
    <subfield code="h">158.1</subfield>
    <subfield code="m">&#xA2A;&#xA42;&#xA30;&#xA3E;&#xA28;</subfield>
  </datafield>
  <datafield tag="999" ind1=" " ind2=" ">
    <subfield code="c">110993</subfield>
    <subfield code="d">110993</subfield>
  </datafield>
  <datafield tag="952" ind1=" " ind2=" ">
    <subfield code="0">0</subfield>
    <subfield code="1">0</subfield>
    <subfield code="4">0</subfield>
    <subfield code="7">0</subfield>
    <subfield code="a">L</subfield>
    <subfield code="b">L</subfield>
    <subfield code="d">2016-02-10</subfield>
    <subfield code="e">Cen Lib/Ret</subfield>
    <subfield code="g">180.00</subfield>
    <subfield code="l">0</subfield>
    <subfield code="o">158.1 &#xA2A;&#xA41;&#xA30;&#xA3E;&#xA28; </subfield>
    <subfield code="p">B-125100</subfield>
    <subfield code="r">2016-02-10 00:00:00</subfield>
    <subfield code="t">1</subfield>
    <subfield code="v">180.00</subfield>
    <subfield code="w">2016-02-10</subfield>
    <subfield code="y">PN</subfield>
  </datafield>
</record>
